Normal view
MARC view
- International Workshop on Advanced Mathematical Tools in Metrology
Entry Meeting Name
001 - CONTROL NUMBER
- control field: 21653
003 - CONTROL NUMBER IDENTIFIER
- control field: NUST
005 - DATE AND TIME OF LATEST TRANSACTION
- control field: 20190926144431.0
008 - FIXED-LENGTH DATA ELEMENTS
- fixed length control field: 190926|| aca||aabn | a|a d
040 ## - CATALOGING SOURCE
- Original cataloging agency: NUST
- Transcribing agency: NUST
111 ## - HEADING--MEETING NAME
- Meeting name or jurisdiction name as entry element: International Workshop on Advanced Mathematical Tools in Metrology
- Date of meeting: (1993 :
- Location of meeting: Turin, Italy)
670 ## - SOURCE DATA FOUND
- Source citation: Work cat.: (NUST)0: International Workshop on Advanced Mathematical Tools in Metrology (1993 : Turin, Italy), Proceedings of the International Workshop Advanced Mathematical Tools in Metrology :, c1994.
